| Tag |
First Indicator |
Second Indicator |
Subfields |
| LEADER |
00000cam a2200000 a 4500 |
| 001 |
in00000076060 |
| 005 |
20151008060414.0 |
| 008 |
810403s1980 enka b 10100 eng d |
| 010 |
|
|
|a 80041444
|
| 020 |
|
|
|a 0711456070 (Godwin)
|
| 020 |
|
|
|a 0470270888 (Halsted)
|
| 035 |
|
|
|a (OCoLC)07303264
|
| 035 |
|
|
|9 AAJ5684AM
|
| 040 |
|
|
|a WVG
|c WVG
|d TXA
|d UtOrBLW
|
| 049 |
|
|
|a TXAM
|c [1633089]
|
| 082 |
0 |
|
|a 621.312132
|
| 090 |
|
|
|a TH7641
|b .C73
|
| 245 |
0 |
0 |
|a Combined heat and power :
|b whole city heating - planning tomorrow's energy economy /
|c edited by W.R.H. Orchard & A.F.C. Sherratt.
|
| 264 |
|
1 |
|a London :
|b G. Godwin ;
|a New York :
|b Wiley,
|c 1980.
|
| 300 |
|
|
|a xiv, 234 pages :
|b illustrations ;
|c 24 cm.
|
| 336 |
|
|
|a text
|b txt
|2 rdacontent
|
| 337 |
|
|
|a unmediated
|b n
|2 rdamedia
|
| 338 |
|
|
|a volume
|b nc
|2 rdacarrier
|
| 500 |
|
|
|a "This book is based on the conference on Whole City Heating held in London in November 1979 and organised by the Construction Industry Conference Centre Limited..."--Title page verso.
|
| 504 |
|
|
|a Includes bibliographical references and index.
|
| 650 |
|
0 |
|a Heating from central stations
|x Congresses.
|
| 650 |
|
0 |
|a Electric power-plants
|v Congresses.
|
| 650 |
|
0 |
|a Waste heat
|x Congresses.
|
| 700 |
1 |
|
|a Orchard, W. R. H.
|
| 700 |
1 |
|
|a Sherratt, A. F. C.
|
| 710 |
2 |
|
|a Construction Industry Conference Centre.
|
| 999 |
|
|
|a MARS
|
| 999 |
f |
f |
|s 4a7aded2-bc45-3cec-a58b-55e3e4a9863b
|i 08a7ec93-d787-3606-a56c-7ed0404c1cf1
|t 0
|
| 952 |
f |
f |
|p ric
|a Texas A&M University
|b Rellis Campus
|c Joint Library Facility
|d Remote Storage
|t 0
|e TH7641 .C73
|h Library of Congress classification
|i unmediated -- volume
|m A14806248035
|
| 998 |
f |
f |
|a TH7641 .C73
|t 0
|l Remote Storage
|